| 000 | 00736cam a2200253 4500 | ||
|---|---|---|---|
| 001 | 4301 | ||
| 003 | BD-RjUL | ||
| 005 | 20211208233853.0 | ||
| 008 | 721219s1971 ii 001 0 eng | ||
| 035 | _a(BD-RjUL)4336 | ||
| 040 |
_aDLC _cDLC _dDLC _beng |
||
| 041 | _aeng | ||
| 082 | 0 | 0 |
_a338.954 _216 _bBHP 1971 |
| 100 | 1 |
_aBhattacharyya, Khagendranath, _d1907- _913630 |
|
| 245 | 1 | 0 |
_aPlanning: economics and economy; _bthe Indian context / _cK. N. Bhattacharyya. |
| 260 |
_aCalcutta : _bWorld Press, _c1971. |
||
| 300 |
_aviii, 215 p. _c22 cm. |
||
| 350 | _aRs20.00 ($4.50 U.S.) | ||
| 526 | _bEconomics | ||
| 651 | 0 |
_aIndia _xEconomic policy _y1966-1974. _910007 |
|
| 942 |
_2ddc _cBK |
||
| 999 |
_c4301 _d4301 |
||